Normal view
MARC view
- العطور -صناعة
Entry Topical Term
001 - CONTROL NUMBER
- control field: 8797
003 - CONTROL NUMBER IDENTIFIER
- control field: JO-AjAnu
005 - DATE AND TIME OF LATEST TRANSACTION
- control field: 20230606071722.0
008 - FIXED-LENGTH DATA ELEMENTS
- fixed length control field: 230606|| aca||aabn | a|a d
040 ## - CATALOGING SOURCE
- Original cataloging agency: JO-AjAnu
- Transcribing agency: JO-AjAnu
150 ## - HEADING--TOPICAL TERM
- Topical term or geographic name entry element: العطور -صناعة
670 ## - SOURCE DATA FOUND
- Source citation: Work cat.: (JO-AjAnu)4539: عمر، محمد اسماعيل , author 8796, اسرار صناعة العطور